000 00327nam a22000977a 4500
008 151012b xxu||||| |||| 00| 0 eng d
082 _a338.072 678 REG
100 _aAMANI H.K.R
_cNDULU B, HAGEN S.E, STERNBERG K.
245 _aA REGIONAL AND INTER-REGIONAL STUDY OF TANZANIA
260 _aDAR-ES SALAAM
_bECONOMIC RESEARCH BUREAU
_c1987
999 _c3442
_d3442